La noche del decreto
Bewaard in:
| Hoofdauteur: | |
|---|---|
| Formaat: | Boek |
| Taal: | Spaans |
| Gepubliceerd in: |
Barcelona
Grijalbo
1982
|
| Reeks: | Narrativa, 80
|
| Onderwerpen: | |
| Tags: |
Voeg label toe
Geen labels, Wees de eerste die dit record labelt!
|
MARC
| LEADER | 00000nam a2200000 a 4500 | ||
|---|---|---|---|
| 001 | UCQ7961 | ||
| 003 | CL-VaPUC | ||
| 008 | 981121e19820000SP |||||||||||||||||spa|d | ||
| 082 | 0 | 4 | |a 863 |b CAS |2 21 |
| 100 | 0 | |a Castillo, Michel del |e author |9 421779 | |
| 245 | 1 | 3 | |a La noche del decreto |
| 300 | |a 356 p | ||
| 942 | |c BK | ||
| 945 | |d 19981121 00:00:00 |a crobeson | ||
| 260 | |a Barcelona |b Grijalbo |c 1982 | ||
| 650 | 0 | |a Literatura española |9 306261 | |
| 650 | 0 | |a Novelas españolas |9 265052 | |
| 583 | |a last modification |c 19981121 00:00:00 |k Rodrigo Vera | ||
| 490 | 0 | |a Narrativa, 80 | |
| 999 | |c 277335 |d 277333 | ||
| 952 | |0 0 |1 0 |4 0 |6 863_000000000000000_CAS_1982 |7 0 |8 A |9 315223 |a FDOPOS |b FDOPOS |d 2019-11-20 |i 1495402 |o 863 CAS 1982 |p 1495402 |r 2025-01-22 |w 2019-11-20 |y BK |k MLH | ||